Design, development and implementation of database management system for Avionics Engineering Department, CAE (Record no. 322709)

000 -LEADER
fixed length control field 00455 a2200133 4500
001 - CONTROL NUMBER
control field 87636
082 ## - DEWEY DECIMAL CLASSIFICATION NUMBER
Classification number PR 16
090 ## - LOCALLY ASSIGNED LC-TYPE CALL NUMBER (OCLC); LOCAL CALL NUMBER (RLIN)
-- 41091
-- 41091
100 ## - MAIN ENTRY--PERSONAL NAME
Personal name Aemin Farooq, Plt Off 15234 69 (B) EC
245 ## - TITLE STATEMENT
Title Design, development and implementation of database management system for Avionics Engineering Department, CAE
260 ## - PUBLICATION, DISTRIBUTION, ETC.
Place of publication, distribution, etc. Risalpur
Name of publisher, distributor, etc. CAE PAF Academy Risalpur
Date of publication, distribution, etc. 2010
300 ## - PHYSICAL DESCRIPTION
Extent xii, 117p.
Accompanying material Muhamamd Ajmal Khan, Wg Cdr
500 ## - GENERAL NOTE
General note BE Project Reports
942 ## - ADDED ENTRY ELEMENTS (KOHA)
Institution code [OBSOLETE] CAE NUST
Call number prefix PR 17
Holdings
Withdrawn status Lost status Damaged status Not for loan Collection code Permanent Location Current Location Date acquired Total Checkouts Full call number Barcode Date last seen Price effective from Koha item type
          College of Aeronautical Engineering (CAE) College of Aeronautical Engineering (CAE) 04/03/2017   PR 17 CAEPR-17 04/05/2017 04/05/2017 Book
© 2023 Central Library, National University of Sciences and Technology. All Rights Reserved.